[Event "TCh-RUS HL 2019"]
[Site "Sochi RUS"]
[Date "2019.05.09"]
[Round "8.2"]
[Board "3"]
[White "Vastrukhin, Oleg"]
[Black "Makarian, Rudik"]
[Result "1-0"]
[BlackTitle "IM"]
[WhiteElo "2404"]
[BlackElo "2348"]
[WhiteTeam "Krym Nash"]
[BlackTeam "Botvinnik School (Moscow)"]
[WhiteFideId "4192770"]
[BlackFideId "44105681"]
[EventDate "2019.05.01"]

1. c4 Nf6 2. Nc3 e6 3. g3 d5 4. Bg2 d4 5. Na4 e5 6. d3 Bb4+ 7. Bd2 Bxd2+ 8. Qxd2
O-O 9. Nc5 Qe7 10. Nxb7 e4 11. Na5 Re8 12. O-O-O c5 13. e3 Bg4 14. Ne2 Nbd7 15.
exd4 exd3 16. Nf4 Bxd1 17. Bxa8 Be2 18. Bc6 Ne4 19. Bxe4 Qxe4 20. Re1 Kf8 21.
Nb3 cxd4 22. Qb4+ Kg8 23. Qd6 Ne5 24. Nd2 Qb7 25. Qxd4 Nc6 26. Qxd3 Nb4 27. Qb3
Rd8 28. a3 1-0

[Event "TCh-RUS HL 2019"]
[Site "Sochi RUS"]
[Date "2019.05.09"]
[Round "8.2"]
[Board "4"]
[White "Yeritsyan, Aram"]
[Black "Derjabin, Ilja"]
[Result "1-0"]
[WhiteTitle "FM"]
[BlackTitle "IM"]
[WhiteElo "2299"]
[BlackElo "2345"]
[WhiteTeam "Botvinnik School (Moscow)"]
[BlackTeam "Krym Nash"]
[WhiteFideId "34161047"]
[BlackFideId "14104768"]
[EventDate "2019.05.01"]

1. e4 c5 2. Nf3 d6 3. d4 cxd4 4. Nxd4 Nf6 5. f3 e5 6. Nb3 Be6 7. c4 Qc7 8. Bg5
Be7 9. Nc3 a6 10. Rc1 Nc6 11. Qd2 h6 12. Be3 O-O 13. Nd5 Qd8 14. Be2 Nd7 15.
Nxe7+ Qxe7 16. Rd1 Nc5 17. Qxd6 Qxd6 18. Rxd6 Nxb3 19. axb3 Rfd8 20. Rxd8+ Rxd8
21. Kf2 Nd4 22. Rd1 a5 23. f4 f6 24. Bxd4 exd4 25. Ra1 b6 26. Bd3 Rc8 27. Ke2
Kf8 28. Kd2 Ke7 29. f5 Bd7 30. b4 axb4 31. Ra6 Rb8 32. Be2 Kd6 33. Kd3 Kc5 34.
Ra7 Bc6 35. Rxg7 Ra8 36. Rc7 Kd6 37. Rf7 Kc5 38. Rxf6 Ra2 39. Re6 Rxb2 40. f6
Rb3+ 41. Kd2 Rb2+ 42. Ke1 Rb1+ 43. Kf2 Ra1 44. Rxc6+ Kxc6 45. e5 Kc7 46. e6 Ra8
47. e7 Kd6 48. Bh5 Kd7 49. Ke2 b3 50. Kd2 Rb8 51. Kc1 d3 52. Kb2 d2 53. Kxb3 Ke6
54. Kc2 1-0

[Event "TCh-RUS HL 2019"]
[Site "Sochi RUS"]
[Date "2019.05.09"]
[Round "8.3"]
[Board "1"]
[White "Zakhartsov, Vladimir"]
[Black "Drygalov, Sergey"]
[Result "0-1"]
[WhiteTitle "GM"]
[BlackTitle "IM"]
[WhiteElo "2471"]
[BlackElo "2485"]
[WhiteTeam "Grandmaster Academy / Chess-trans"]
[BlackTeam "South Ural (Chelyabinsk region)"]
[WhiteFideId "4145097"]
[BlackFideId "24171743"]
[EventDate "2019.05.01"]

1. d4 Nf6 2. c4 e6 3. Nf3 d5 4. Nc3 c6 5. e3 Nbd7 6. Qc2 Bd6 7. Bd3 O-O 8. O-O
dxc4 9. Bxc4 b5 10. Bd3 Bb7 11. Rd1 Qc7 12. Bd2 a5 13. Rac1 Rac8 14. Qb1 Qb8 15.
e4 e5 16. Ne2 b4 17. b3 Rfe8 18. dxe5 Bxe5 19. Nxe5 Nxe5 20. Bc2 c5 21. f4 Neg4
22. h3 c4 23. hxg4 Qa7+ 24. Kh1 Qf2 25. Be1 Qxe2 26. Rd2 Qf1+ 27. Kh2 Qxf4+ 28.
Kg1 Nxg4 29. g3 Qe3+ 30. Kf1 c3 31. Rd6 Qf3+ 32. Kg1 Ne3 0-1

[Event "TCh-RUS HL 2019"]
[Site "Sochi RUS"]
[Date "2019.05.09"]
[Round "8.3"]
[Board "2"]
[White "Gutenev, Alexander"]
[Black "Glek, Igor"]
[Result "1/2-1/2"]
[WhiteTitle "IM"]
[BlackTitle "GM"]
[WhiteElo "2460"]
[BlackElo "2464"]
[WhiteTeam "South Ural (Chelyabinsk region)"]
[BlackTeam "Grandmaster Academy / Chess-trans"]
[WhiteFideId "4195540"]
[BlackFideId "4100484"]
[EventDate "2019.05.01"]

1. e4 c5 2. Nf3 Nc6 3. d4 cxd4 4. Nxd4 Nf6 5. Nc3 g6 6. Nxc6 dxc6 7. Qxd8+ Kxd8
8. Bc4 Ke8 9. e5 Nd7 10. e6 fxe6 11. Bxe6 Bg7 12. Be3 Nb6 13. Bb3 Bf5 14. O-O-O
Rd8 15. Ne2 Rf8 16. a4 Rf6 17. Ng3 Nc8 18. Rhe1 Rxd1+ 19. Rxd1 b6 20. a5 bxa5
21. Kb1 Rd6 22. Rxd6 Nxd6 23. Bxa7 Kd7 24. Nxf5 gxf5 25. c3 Be5 26. g3 e6 27.
Bb6 Nb7 28. Kc2 Bd6 29. Be3 Bc5 30. Kd3 Bxe3 31. Kxe3 Ke7 32. Bc2 c5 33. Kf4 Kf6
34. g4 e5+ 35. Kf3 Nd6 36. gxf5 h5 37. h4 Nxf5 38. Ke4 Nxh4 39. Bd1 Ke6 40. Bxh5
Ng2 41. Bg4+ Kd6 42. Bh3 Nf4 43. Bf5 c4 44. Ke3 Nd5+ 45. Kd2 Kc5 46. Bc2 Nf6 47.
Ke3 Kd5 48. f3 Kc5 49. Bb1 Kd5 50. Bc2 Nd7 51. Be4+ Kd6 52. Bh7 Nc5 53. Kd2 Na4
54. Kc2 Kc5 55. Bg8 Nb6 56. Kd2 Na4 57. Kc2 Nb6 1/2-1/2

[Event "TCh-RUS HL 2019"]
[Site "Sochi RUS"]
[Date "2019.05.09"]
[Round "8.3"]
[Board "3"]
[White "Golubev, Roman"]
[Black "Drygalov, Andrey"]
[Result "1/2-1/2"]
[WhiteTitle "IM"]
[BlackTitle "IM"]
[WhiteElo "2378"]
[BlackElo "2481"]
[WhiteTeam "Grandmaster Academy / Chess-trans"]
[BlackTeam "South Ural (Chelyabinsk region)"]
[WhiteFideId "14202344"]
[BlackFideId "24171735"]
[EventDate "2019.05.01"]

1. e4 c5 2. Nf3 d6 3. Bb5+ Nd7 4. O-O a6 5. Bd3 Ngf6 6. Re1 e6 7. c3 b5 8. Bc2
c4 9. a4 Bb7 10. axb5 axb5 11. Rxa8 Qxa8 12. Na3 Bxe4 13. Bxe4 Nxe4 14. d3 cxd3
15. Qxd3 d5 16. Nxb5 Qb7 17. b4 Be7 18. Bf4 O-O 19. Nfd4 Ra8 20. f3 Nef6 21. Nb3
Bd8 22. Nd6 Qb6+ 23. Qd4 e5 24. Qxb6 Bxb6+ 25. Be3 Ra3 26. Bxb6 Rxb3 27. Ba7
Rxc3 28. b5 d4 29. b6 d3 30. Rd1 Nd5 31. b7 Rb3 32. b8=Q+ Nxb8 33. Bxb8 Rxb8 34.
Rxd3 Rb1+ 35. Kf2 Rb2+ 36. Kf1 Rb1+ 37. Kf2 Rb2+ 38. Kf1 Nf4 39. Ra3 Rb1+ 40.
Kf2 Rb2+ 41. Kf1 g6 42. Ra8+ Kg7 43. Ra7 Nxg2 44. Nc4 Rc2 45. Nxe5 Ne3+ 46. Kg1
Rg2+ 47. Kh1 Re2 48. h3 Kf6 49. f4 Kf5 50. Rxf7+ Ke4 51. Ng4 Nf5 52. Kg1 h5 53.
Ne5 g5 54. Nf3 Kxf3 55. Rxf5 Re1+ 56. Kh2 g4 57. hxg4 hxg4 58. Rg5 Re2+ 59. Kg1
g3 60. Re5 Rg2+ 61. Kf1 Rh2 62. Kg1 Rh4 63. Ra5 Rxf4 64. Ra3+ Kg4 65. Ra8 Rf5
66. Kg2 Rf2+ 1/2-1/2

[Event "TCh-RUS HL 2019"]
[Site "Sochi RUS"]
[Date "2019.05.09"]
[Round "8.3"]
[Board "4"]
[White "Radzhabov, Rodion"]
[Black "Vdovin, Vadim"]
[Result "1/2-1/2"]
[WhiteTitle "FM"]
[BlackTitle "FM"]
[WhiteElo "2406"]
[BlackElo "2361"]
[WhiteTeam "South Ural (Chelyabinsk region)"]
[BlackTeam "Grandmaster Academy / Chess-trans"]
[WhiteFideId "884715"]
[BlackFideId "24107158"]
[EventDate "2019.05.01"]

1. Nf3 Nf6 2. g3 g6 3. b3 Bg7 4. Bb2 O-O 5. Bg2 d5 6. c4 Nc6 7. cxd5 Qxd5 8. O-O
Qh5 9. d3 Bh3 10. Nbd2 e5 11. Rc1 Ng4 12. Ba1 f5 13. Rc5 f4 14. Re1 Bxg2 15.
Kxg2 fxg3 16. hxg3 Nxf2 17. Qc1 Ng4 18. Rh1 Qf5 19. Ne4 h5 20. Bc3 Rad8 21. Rf1
Ne7 22. Bd2 c6 23. Nfg5 Qd7 24. Rxf8+ Rxf8 25. Nf3 Nf5 26. Neg5 Kh8 27. Ne4 a6
28. Qg1 Ne7 29. Rc1 Nd5 30. Rf1 Qe8 31. Nh2 Rxf1 32. Kxf1 Qf8+ 33. Ke1 Nxh2 34.
Qxh2 Bh6 35. Qh4 Bxd2+ 36. Nxd2 Kg7 37. Ne4 Qb4+ 38. Kf2 Qb6+ 39. Ke1 Qa5+ 40.
Kf2 Qxa2 41. Qg5 Qb2 42. Nd6 Qd4+ 43. e3 Qxd3 44. e4 Qc2+ 45. Ke1 Qc3+ 46. Ke2
Qb2+ 47. Ke1 Qb1+ 48. Kf2 Qc2+ 49. Ke1 Qc3+ 50. Ke2 Nf6 51. Nf5+ Kf7 52. Nh6+
Ke6 53. Qxg6 Qc2+ 54. Kf1 Qd3+ 55. Kf2 Qd2+ 56. Kf1 Qd3+ 57. Kf2 Qc2+ 58. Kf1 1/2-1/2

[Event "TCh-RUS HL 2019"]
[Site "Sochi RUS"]
[Date "2019.05.09"]
[Round "8.4"]
[Board "1"]
[White "Musalov, Ruslan"]
[Black "Lugovskoy, Maxim"]
[Result "1-0"]
[WhiteTitle "IM"]
[BlackTitle "GM"]
[WhiteElo "2338"]
[BlackElo "2445"]
[WhiteTeam "Dagestan"]
[BlackTeam "Sochi (Krasnodar Territory)"]
[WhiteFideId "4141490"]
[BlackFideId "24126454"]
[EventDate "2019.05.01"]

1. d4 Nf6 2. Nf3 e6 3. e3 b6 4. Bd3 Bb7 5. O-O c5 6. c4 Be7 7. Nc3 O-O 8. a3 d6
9. b3 Nbd7 10. Bb2 Rc8 11. Rc1 a6 12. Qe2 Qc7 13. Rfd1 Rfd8 14. Bb1 Qb8 15. Ng5
Qa8 16. d5 Nf8 17. Na4 Qa7 18. Qd3 b5 19. Nc3 exd5 20. cxd5 Ng6 21. Qf5 Rb8 22.
Nce4 Bc8 23. Qf3 Rf8 24. Nxf6+ Bxf6 25. Bxf6 gxf6 26. Qxf6 Qe7 27. Nxh7 Qxf6 28.
Nxf6+ Kg7 29. Ne4 Rb6 30. f4 Re8 31. Kf2 f5 32. Ng5 Rb7 33. g3 Ne7 34. h3 Ng8
35. e4 Rbe7 36. e5 dxe5 37. d6 Rb7 38. Rxc5 e4 39. Ke3 Nf6 40. b4 Bd7 41. Ba2 a5
42. Rc7 Rxc7 43. dxc7 axb4 44. axb4 Rc8 45. Be6 Rxc7 46. Bxd7 Rxd7 47. Ne6+ Kf7
48. Rxd7+ Nxd7 49. Nd4 Kf6 50. Nxb5 Nb6 51. Kd4 Ke6 52. Nc3 Nc8 53. b5 Nd6 54.
g4 Ne8 55. Nd5 Nd6 56. b6 Nb7 57. Ne3 fxg4 58. hxg4 Kd6 59. g5 Kc6 60. g6 1-0

[Event "TCh-RUS HL 2019"]
[Site "Sochi RUS"]
[Date "2019.05.09"]
[Round "8.4"]
[Board "2"]
[White "Oganian, Miran"]
[Black "Tekeyev, Zaur"]
[Result "1/2-1/2"]
[WhiteTitle "IM"]
[BlackTitle "FM"]
[WhiteElo "2415"]
[BlackElo "2386"]
[WhiteTeam "Sochi (Krasnodar Territory)"]
[BlackTeam "Dagestan"]
[WhiteFideId "4122488"]
[BlackFideId "4199731"]
[EventDate "2019.05.01"]

1. d4 Nf6 2. c4 g6 3. Nf3 Bg7 4. g3 O-O 5. Bg2 d6 6. O-O Nbd7 7. Nc3 e5 8. e4 c6
9. h3 Qb6 10. c5 dxc5 11. dxe5 Ne8 12. Na4 Qa6 13. Qc2 b6 14. Bf4 Nc7 15. Rfd1
Re8 16. Rd6 Nxe5 17. Bxe5 Bxe5 18. Rxc6 Ne6 19. Nxe5 Nd4 20. Qd1 Rxe5 21. Rd6
Qb5 22. b3 Qe8 23. Nc3 Bb7 24. Nd5 Bxd5 25. Rxd5 Rd8 26. Rxd8 Qxd8 27. Qd3 f5
28. Re1 fxe4 29. Rxe4 Qe7 30. Kh2 Rxe4 31. Bxe4 Kg7 32. h4 Qe5 33. Bg2 Qe2 34.
Qxe2 Nxe2 35. a4 Kf6 36. f4 Nc3 37. Bf1 Ne4 38. Bc4 Nd2 39. Bd5 Nf1+ 40. Kh3 Ne3
41. Be4 h5 1/2-1/2

[Event "TCh-RUS HL 2019"]
[Site "Sochi RUS"]
[Date "2019.05.09"]
[Round "8.4"]
[Board "3"]
[White "Alikhanov, Felix"]
[Black "Zakaryan, David"]
[Result "1/2-1/2"]
[WhiteTitle "IM"]
[BlackTitle "FM"]
[WhiteElo "2455"]
[BlackElo "2350"]
[WhiteTeam "Dagestan"]
[BlackTeam "Sochi (Krasnodar Territory)"]
[WhiteFideId "4157427"]
[BlackFideId "24101923"]
[EventDate "2019.05.01"]

1. e4 c6 2. Nc3 d5 3. Nf3 Bg4 4. h3 Bxf3 5. Qxf3 e6 6. d4 dxe4 7. Nxe4 Nf6 8.
Nxf6+ Qxf6 9. Qb3 Qe7 10. Be3 Qb4+ 11. c3 Qxb3 12. axb3 Nd7 13. b4 Bd6 14. b5
cxb5 15. Bxb5 Ke7 16. Be2 a6 17. Bf3 Rab8 18. O-O Rhc8 19. Rfe1 Kf8 20. Rec1 Nb6
21. b3 Nd5 22. c4 Nxe3 23. fxe3 Bb4 24. Kf2 a5 25. c5 e5 26. Ke2 Rc7 27. Rc4
exd4 28. exd4 b6 29. c6 Re8+ 30. Kf2 Ke7 31. Rc2 Kd6 32. Re2 Rce7 33. Rxe7 Rxe7
34. d5 Bc5+ 35. Kf1 Re3 36. Re1 Rxe1+ 37. Kxe1 b5 38. Be2 a4 39. bxa4 bxa4 40.
Bc4 Bb6 41. Kd2 Kc5 42. Kc3 Ba5+ 43. Kb2 Bc7 44. Ba2 f6 45. Ka3 Kb5 46. Bb1 Bd6+
47. Ka2 g6 48. Bc2 f5 49. Kb2 Kb4 50. Ka2 Bc7 51. Kb2 Be5+ 52. Ka2 Bd6 53. Kb2
a3+ 54. Ka2 Kc4 55. c7 Bxc7 56. Kxa3 Kxd5 57. Kb4 Ke5 58. Kc4 Kf4 59. Bd1 h5 60.
Bf3 h4 61. Kd3 g5 62. Ke2 Kg3 63. Bc6 Bb6 64. Kf1 Ba7 65. Bb7 Bc5 66. Bc6 g4 67.
hxg4 fxg4 68. Ke1 1/2-1/2

[Event "TCh-RUS HL 2019"]
[Site "Sochi RUS"]
[Date "2019.05.09"]
[Round "8.4"]
[Board "4"]
[White "Utnasunov, Alexander"]
[Black "Kamaev, Dzhabrail"]
[Result "1/2-1/2"]
[WhiteElo "2437"]
[BlackElo "1982"]
[WhiteTeam "Sochi (Krasnodar Territory)"]
[BlackTeam "Dagestan"]
[WhiteFideId "4134524"]
[BlackFideId "34164798"]
[EventDate "2019.05.01"]

1. d4 g6 2. c4 Bg7 3. e4 d6 4. Nc3 Nd7 5. Be3 e5 6. d5 Ne7 7. Bd3 O-O 8. Qd2 f5
9. f3 Nf6 10. Nge2 fxe4 11. Nxe4 Nf5 12. Bg5 Qe8 13. O-O Bd7 14. g4 Nxe4 15.
Bxe4 Ne7 16. Kg2 Bf6 17. h4 Qf7 18. Rh1 Bxg5 19. hxg5 c6 20. Rh4 cxd5 21. cxd5
Rac8 22. Rah1 Rc4 23. Rxh7 Qxh7 24. Rxh7 Kxh7 25. Bd3 Rc5 26. Nc3 Kg7 27. Ne4
Rxd5 28. Nf6 Rxf6 29. gxf6+ Kxf6 30. g5+ Kg7 31. Qc3 Bc6 32. Be4 Rc5 33. Qb3 Nd5
34. Bxd5 Rxd5 35. Kg3 Rd4 36. Qe6 Rf4 37. Qxd6 Rxf3+ 38. Kh2 Rf2+ 39. Kh3 Rf3+
40. Kh2 Rf2+ 41. Kh3 Rf3+ 1/2-1/2

[Event "TCh-RUS HL 2019"]
[Site "Sochi RUS"]
[Date "2019.05.09"]
[Round "8.5"]
[Board "1"]
[White "Pogromsky, Mikhail"]
[Black "Antonenko, Vladimir"]
[Result "1/2-1/2"]
[WhiteTitle "IM"]
[BlackTitle "FM"]
[WhiteElo "2415"]
[BlackElo "2387"]
[WhiteTeam "Polytechnic (Sverdlovsk region)"]
[BlackTeam "NGTU-NETI (Novosibirsk region)"]
[WhiteFideId "4184688"]
[BlackFideId "24159409"]
[EventDate "2019.05.01"]

1. b3 g6 2. Bb2 Nf6 3. Nf3 Bg7 4. g3 O-O 5. Bg2 c5 6. c4 d6 7. d4 Nc6 8. d5 Na5
9. O-O Rb8 10. Nfd2 a6 11. e4 b5 12. Na3 e5 13. Qc2 Bh6 14. Qd3 Bd7 15. Rae1 Nh5
16. f4 f6 17. f5 Ng7 18. Bh3 Bxd2 19. Qxd2 g5 20. Rf2 Nb7 21. Bf1 Qa5 22. Bc1
Qxd2 23. Bxd2 b4 24. Nc2 a5 25. a4 bxa3 26. Nxa3 Ra8 27. Rb1 Ra6 28. g4 Rb8 29.
h4 h6 30. hxg5 hxg5 31. Be1 Nd8 32. Nb5 Ne8 33. Ra2 Rba8 34. Rba1 Nb7 35. Ra4
Kg7 36. R1a2 Kf8 37. Bd3 Kg7 38. Bc3 Kg8 39. Kf2 Kg7 40. Kg3 Kg8 41. Ra1 Kg7 42.
R4a2 Kg8 43. Rh2 Nd8 44. Kf3 Bc8 45. Ke3 Bd7 46. Rha2 Nb7 47. Ra3 Kg7 48. b4
cxb4 49. Bxb4 Kg8 50. Bd2 Bc8 51. Ke2 Bd7 52. Be3 Rc8 53. Nc3 Raa8 54. Bb6 Nc7
55. Nb5 Nxb5 56. cxb5 Kf7 57. Bxa5 Nc5 58. b6 Rh8 59. Bc2 Rh2+ 60. Kd1 Rb8 61.
Kc1 Ke7 62. Rc3 Rg2 63. Rh3 Be8 64. Rh7+ Bf7 65. Bb4 Rg1+ 66. Kb2 Rxa1 67. Kxa1
Rxb6 68. Bxc5 dxc5 69. Bd3 Kf8 70. Ka2 Rb4 71. Ka3 Rd4 72. Rh3 Be8 73. Kb3 Ba4+
74. Kc3 Bd1 75. Rh8+ Ke7 76. Rc8 Bxg4 77. Rxc5 Bf3 78. Rc7+ Kd8 79. Rf7 Bxe4 80.
Bxe4 Rxe4 81. Rxf6 Rd4 82. Rd6+ Ke7 83. Re6+ Kd7 84. f6 Rxd5 85. f7 Rc5+ 86. Kd2
Rc8 87. Rxe5 Rf8 1/2-1/2

[Event "TCh-RUS HL 2019"]
[Site "Sochi RUS"]
[Date "2019.05.09"]
[Round "8.5"]
[Board "2"]
[White "Bublei, Pavel"]
[Black "Ozgibcev, Anatoly"]
[Result "0-1"]
[WhiteTitle "FM"]
[WhiteElo "2370"]
[BlackElo "2368"]
[WhiteTeam "NGTU-NETI (Novosibirsk region)"]
[BlackTeam "Polytechnic (Sverdlovsk region)"]
[WhiteFideId "24112593"]
[BlackFideId "4139704"]
[EventDate "2019.05.01"]

1. d4 Nf6 2. Nf3 g6 3. Nc3 d5 4. Bf4 c6 5. h3 Bg7 6. e3 O-O 7. Bd3 Qb6 8. a3 Bf5
9. O-O Bxd3 10. cxd3 Nbd7 11. b4 Rfc8 12. Rb1 Qd8 13. Qb3 e6 14. Rfc1 Bf8 15. e4
b5 16. a4 bxa4 17. Qxa4 a5 18. b5 cxb5 19. Nxb5 Rxc1+ 20. Rxc1 dxe4 21. dxe4
Nxe4 22. Nc7 Rc8 23. Qxa5 Bd6 24. Bh2 Bxh2+ 25. Kxh2 Ndf6 26. Ne5 Nd5 27. Qe1
Rxc7 28. Rxc7 Qxc7 29. Qxe4 f6 30. Qg4 Qd6 0-1

[Event "TCh-RUS HL 2019"]
[Site "Sochi RUS"]
[Date "2019.05.09"]
[Round "8.5"]
[Board "3"]
[White "Dilmukhametov, Artur"]
[Black "Gubsky, Egor"]
[Result "0-1"]
[BlackTitle "FM"]
[WhiteElo "2353"]
[BlackElo "2290"]
[WhiteTeam "Polytechnic (Sverdlovsk region)"]
[BlackTeam "NGTU-NETI (Novosibirsk region)"]
[WhiteFideId "24179922"]
[BlackFideId "4194055"]
[EventDate "2019.05.01"]

1. e4 c5 2. Nf3 Nc6 3. Bb5 e6 4. Bxc6 bxc6 5. d3 Ne7 6. Bd2 f6 7. Nh4 e5 8. f4
exf4 9. Bxf4 d6 10. Bg3 Be6 11. O-O Ng6 12. Nf5 Ne5 13. Na3 g6 14. Ne3 Be7 15.
c3 O-O 16. d4 cxd4 17. cxd4 Nf7 18. d5 cxd5 19. Nxd5 Ne5 20. Nc2 Kg7 21. Nd4 Bd7
22. Rc1 Rc8 23. Rxc8 Bxc8 24. Qa4 a6 25. Rc1 Rf7 26. Bxe5 fxe5 27. Nc6 Qe8 28.
Ndxe7 Rxe7 29. Qa3 Rd7 30. Nb4 Bb7 31. Qd3 Qd8 32. Qe3 Rf7 33. Rd1 Qa5 34. a3
Qb5 35. h3 a5 36. Nd3 Qb3 37. Qd2 Bxe4 38. Nf2 Qb6 39. Re1 Bb7 40. Re3 Rf4 41.
Kh2 Qc6 42. Rg3 Qd5 43. Nd3 Ba6 44. Qc2 Rc4 45. Qf2 Rd4 46. Ne1 Bb7 47. Nf3 Rf4
48. Qe3 Qf7 49. Ng5 Qe7 50. Qb6 Rf5 51. Qxa5 Rxg5 52. Rxg5 Qxg5 53. Qc7+ Kh6 54.
Qxb7 Qf4+ 55. Kg1 Qe3+ 56. Kh2 Qf4+ 57. Kg1 e4 58. a4 Qe3+ 59. Kh2 Qd4 60. Qe7
e3 61. Qf8+ Kg5 62. Qe7+ Kf5 63. Qf7+ Ke4 64. Qf3+ Kd3 65. Qd1+ Kc4 66. Qe2+ Qd3
67. Qg4+ Kb3 68. a5 e2 69. Qe6+ Kb4 70. a6 Qxa6 71. Kg3 Qd3+ 72. Kf2 Qd1 73.
Qxe2 Qxe2+ 74. Kxe2 Kb3 75. Kd2 Kxb2 76. h4 h5 77. g3 d5 78. Kd3 Kc1 79. Kd4 Kd2
80. Kxd5 Ke3 81. Ke5 Kf3 82. Kf6 Kxg3 83. Kg5 Kh3 0-1

[Event "TCh-RUS HL 2019"]
[Site "Sochi RUS"]
[Date "2019.05.09"]
[Round "8.5"]
[Board "4"]
[White "Kolmagorov, Alexey"]
[Black "Inozemtsev, Sergei"]
[Result "1-0"]
[WhiteElo "2180"]
[BlackElo "2310"]
[WhiteTeam "NGTU-NETI (Novosibirsk region)"]
[BlackTeam "Polytechnic (Sverdlovsk region)"]
[WhiteFideId "34129402"]
[BlackFideId "24129690"]
[EventDate "2019.05.01"]

1. d4 e6 2. c4 Nf6 3. Nf3 b6 4. g3 Ba6 5. b3 Bb4+ 6. Bd2 Be7 7. Nc3 d5 8. cxd5
exd5 9. Bg2 O-O 10. O-O Nbd7 11. Rc1 Ba3 12. Rc2 Re8 13. Bf4 c6 14. Nb1 Bf8 15.
Ne5 c5 16. Nc3 Bb7 17. Nc4 Re6 18. Nb5 Ne8 19. dxc5 Nxc5 20. Nb2 Ne4 21. Nd4 Rg6
22. Nd3 Rc8 23. Qc1 Bd6 24. Rxc8 Bxc8 25. Nb5 Bd7 26. Nxd6 N8xd6 27. Ne5 Re6 28.
Rd1 g5 29. Bxg5 Nxg5 30. Nxd7 Nge4 31. Bxe4 dxe4 32. Qc6 Ne8 33. Qb7 a5 34. Rd5
Qe7 35. Qb8 h6 36. Ne5 Qc7 37. Qxc7 Nxc7 38. Rd8+ Kg7 39. Nc4 Nb5 40. a4 Nc3 41.
Kf1 Na2 42. Rd5 Nc3 43. Rd7 Kf6 44. Ke1 Rc6 45. Rxf7+ Kxf7 46. Ne5+ Ke6 47. Nxc6
Kd5 48. Ne7+ Kc5 49. Nf5 Kb4 50. Nd4 Nb1 51. g4 Kc3 52. e3 Kd3 53. h4 Nc3 54. g5
hxg5 55. hxg5 Nd5 56. g6 Nf6 57. Kf1 Kd2 58. Kg2 Ke1 59. g7 Kd2 60. Kh3 Ke1 61.
Kh4 Kxf2 62. Kg5 Ng8 63. Nf5 Kf3 64. Kg6 b5 65. axb5 a4 66. bxa4 Kf2 67. b6 Kf3
68. b7 1-0

[Event "TCh-RUS HL 2019"]
[Site "Sochi RUS"]
[Date "2019.05.09"]
[Round "8.6"]
[Board "1"]
[White "Kardashevskiy, Evgeny"]
[Black "Navrodskiy, Boris"]
[Result "1-0"]
[WhiteTitle "FM"]
[BlackTitle "FM"]
[WhiteElo "2417"]
[BlackElo "2264"]
[WhiteTeam "Altai Territory"]
[BlackTeam "BYCP (Moscow)"]
[WhiteFideId "24108138"]
[BlackFideId "24176826"]
[EventDate "2019.05.01"]

1. d4 d5 2. Nf3 Nf6 3. c4 e6 4. Nc3 Be7 5. g3 Nbd7 6. Bg2 O-O 7. O-O c6 8. b3 a6
9. a4 Bb4 10. Qc2 Qe7 11. Bb2 Re8 12. Nd2 c5 13. Na2 Bxd2 14. Qxd2 dxc4 15. bxc4
cxd4 16. Qxd4 e5 17. Qc3 a5 18. Ba3 Qe6 19. Rfd1 Ra6 20. c5 Qg4 21. Qc2 e4 22.
Nc3 Rc6 23. Rd6 Nb8 24. Nxe4 Nxe4 25. Bxe4 Rxd6 26. f3 Bf5 27. fxg4 Bxe4 28. Qc3
Rde6 29. Bb2 Rg6 30. Rd1 Nc6 31. h3 h5 32. gxh5 Rg5 33. g4 Nb4 34. Rd6 Bc6 35.
Qd2 Rxc5 36. Rd8 Rd5 37. Rxe8+ Bxe8 38. Qc3 Rg5 39. Qe3 1-0

[Event "TCh-RUS HL 2019"]
[Site "Sochi RUS"]
[Date "2019.05.09"]
[Round "8.6"]
[Board "2"]
[White "Cherednichenko, Dmitrij"]
[Black "Boiarintsev, Vitaly"]
[Result "1-0"]
[WhiteTitle "FM"]
[BlackTitle "FM"]
[WhiteElo "2257"]
[BlackElo "2327"]
[WhiteTeam "BYCP (Moscow)"]
[BlackTeam "Altai Territory"]
[WhiteFideId "44111436"]
[BlackFideId "34128384"]
[EventDate "2019.05.01"]

1. d4 Nf6 2. c4 c5 3. d5 e6 4. Nc3 exd5 5. cxd5 d6 6. g3 g6 7. Bg2 Bg7 8. Nf3
Qa5 9. O-O b5 10. a4 a6 11. Bf4 b4 12. Nb1 Qc7 13. e4 Nh5 14. e5 Nxf4 15. gxf4
Bg4 16. h3 Bh5 17. Qd3 Bxf3 18. Bxf3 O-O 19. Nd2 Ra7 20. Nc4 dxe5 21. fxe5 Nd7
22. d6 Qd8 23. Rae1 Qg5+ 24. Bg2 Re8 25. f4 Qd8 26. a5 g5 27. Qf5 Nf8 28. fxg5
Ne6 29. h4 h6 30. Be4 Nf8 31. Bd5 Re6 32. Bxe6 Nxe6 33. g6 Qxh4 34. gxf7+ Kh8
35. Qxe6 Qg3+ 36. Kh1 Rxf7 37. Rxf7 Qxe1+ 38. Kg2 Qe4+ 39. Rf3 Qe2+ 40. Rf2 Qe4+
41. Kf1 Qd3+ 42. Ke1 Qb1+ 43. Ke2 Qc2+ 44. Nd2 1-0

[Event "TCh-RUS HL 2019"]
[Site "Sochi RUS"]
[Date "2019.05.09"]
[Round "8.6"]
[Board "3"]
[White "Slizunkov, Dmitry"]
[Black "Ufimtsev, Egor"]
[Result "0-1"]
[WhiteElo "2144"]
[BlackElo "2101"]
[WhiteTeam "Altai Territory"]
[BlackTeam "BYCP (Moscow)"]
[WhiteFideId "34185949"]
[BlackFideId "4146336"]
[EventDate "2019.05.01"]

1. d4 d5 2. c4 e6 3. Nc3 c6 4. cxd5 exd5 5. Nf3 Be7 6. Qc2 g6 7. e4 dxe4 8. Nxe4
Nf6 9. Nc3 Bf5 10. Qb3 Qb6 11. Bc4 Qxb3 12. Bxb3 Nbd7 13. O-O Nb6 14. Bh6 Nfd5
15. Rfe1 Be6 16. Bg5 h6 17. Bxe7 Kxe7 18. Ne5 Rhd8 19. Re4 Kf8 20. Nxg6+ Kg7 21.
Ne5 Nf6 22. Rf4 Bxb3 23. axb3 Nbd5 24. Rh4 Ne7 25. Re1 Nf5 26. Rf4 Nxd4 27. Re3
Rd6 28. Nc4 Rdd8 29. Rg3+ Kf8 30. Rxf6 Ne2+ 31. Kf1 Nxg3+ 32. hxg3 Kg7 33. Rf4
b5 34. Ne5 f6 35. Rg4+ Kf8 36. Nxc6 Rd2 37. Ne4 Rxb2 38. Nxf6 Kf7 39. Ne4 a5 40.
Rf4+ Kg7 41. Nd4 a4 42. Ne6+ Kg6 43. Rf6+ Kh7 44. g4 axb3 45. Rf7+ Kh8 46. g3
Rb1+ 47. Kg2 b2 48. Nf6 Rg1+ 49. Kxg1 b1=Q+ 50. Kg2 Qg6 51. Rh7+ Qxh7 52. Nxh7
Kxh7 53. Nc7 Rb8 54. Na6 Rc8 55. Nb4 Rc4 56. Nd3 b4 0-1

[Event "TCh-RUS HL 2019"]
[Site "Sochi RUS"]
[Date "2019.05.09"]
[Round "8.6"]
[Board "4"]
[White "Pryalukhin, Danila"]
[Black "Guempel, Viktor"]
[Result "1/2-1/2"]
[BlackTitle "FM"]
[WhiteElo "2075"]
[BlackElo "2130"]
[WhiteTeam "BYCP (Moscow)"]
[BlackTeam "Altai Territory"]
[WhiteFideId "24176206"]
[BlackFideId "4148509"]
[EventDate "2019.05.01"]

1. d4 d5 2. c4 c6 3. Nc3 Nf6 4. Nf3 e6 5. Bg5 dxc4 6. e4 b5 7. e5 h6 8. Bh4 g5
9. exf6 gxh4 10. Ne5 Qxf6 11. g3 Nd7 12. Qe2 c5 13. Nc6 Be7 14. d5 Bb7 15. Bg2
h3 16. Bxh3 Bxc6 17. dxc6 Ne5 18. O-O a6 19. f4 Nd3 20. f5 O-O-O 21. fxe6 Qd4+
22. Kh1 f6 23. c7 Kxc7 24. Bg2 Rd6 25. Rf5 b4 26. Nd5+ Rxd5 27. Rxd5 Nf2+ 28.
Kg1 Nh3+ 29. Kh1 Nf2+ 30. Kg1 Nh3+ 31. Kh1 1/2-1/2